| 000 | 00542nab a2200193 a 4500 | ||
|---|---|---|---|
| 005 | 20210219155905.0 | ||
| 008 | 991125s1985 mx 000 0 spa u | ||
| 035 | _aUPN01000154331 | ||
| 100 | 1 | _aGonzález García, Javier | |
| 222 | _aINVESTIGACION EN LA ESCUELA | ||
| 245 | _a¿Qué sabemos de las narraciones infantiles como construcción social? | ||
| 260 | _aSevilla, España | ||
| 300 | _a75-86 | ||
| 362 | 0 | _a2007 No. 62 | |
| 653 | 0 | _aNARRACION | |
| 653 | 0 | _aCONOCIMIENTO | |
| 653 | 0 | _aEDUCACION INFANTIL | |
| 905 | _aArticulo | ||
| 999 |
_c126448 _d126448 |
||